Internetworking with TCP/IP
The third edition of this all-time best-selling book is still the reference for anyone who wants to work with the TCP/IP protocol suite. TCP/IP and ATM are two of the most important networking technologies. This is the first book that shows how to use the two technologies together.
Enregistré dans:
| Auteur principal: | |
|---|---|
| Format: | Livre |
| Langue: | Undetermined |
| Publié: |
Englewood Cliffs, NJ.
Prentice-Hall
1995
|
| Sujets: | |
| Tags: |
Ajouter un tag
Pas de tags, Soyez le premier à ajouter un tag!
|
| Thư viện lưu trữ: | Trung tâm Học liệu Trường Đại học Cần Thơ |
|---|
| LEADER | 00860nam a2200205Ia 4500 | ||
|---|---|---|---|
| 001 | CTU_145837 | ||
| 008 | 210402s9999 xx 000 0 und d | ||
| 020 | |c 4.3 | ||
| 082 | |a 005.2 | ||
| 082 | |b C732 | ||
| 100 | |a Comer, Douglas | ||
| 245 | 0 | |a Internetworking with TCP/IP | |
| 245 | 0 | |c Douglas Comer | |
| 260 | |a Englewood Cliffs, NJ. | ||
| 260 | |b Prentice-Hall | ||
| 260 | |c 1995 | ||
| 520 | |a The third edition of this all-time best-selling book is still the reference for anyone who wants to work with the TCP/IP protocol suite. TCP/IP and ATM are two of the most important networking technologies. This is the first book that shows how to use the two technologies together. | ||
| 650 | |a TCP/IP (Computer network protocol),TCP / IP (giao thức mạng máy tính) | ||
| 904 | |i Trúc | ||
| 980 | |a Trung tâm Học liệu Trường Đại học Cần Thơ | ||